| 000 | 02254nam a22002657a 4500 | ||
|---|---|---|---|
| 999 |
_c58655 _d58655 |
||
| 003 | Ge_BSU | ||
| 005 | 20220623125119.0 | ||
| 008 | 220623s2019 ge ||||| |||| 00| 0 geo d | ||
| 020 | _a9789941816338 | ||
| 041 | _ageo | ||
| 080 | _a1(479.22)(09) ი-76 | ||
| 100 |
_aირემაძე, თენგიზ _92229 |
||
| 245 |
_aშუა საუკუნეების ქართული ფილოსოფია : _bსისტემური მონახაზი მისი სპეციფიკის გასაგებად = Medieval Georgian Philosophy : A systematic outline to understand its specifics / _cთენგიზ ირემაძე ; რედაქტორები: ლალი ზაქარაძე, გიორგი ხუროშვილი ; დაკაბადონება და ყდის დიზაინი გიორგი ბაგრატიონი ; ახალი საქართველოს უნივერსიტეტი, კავკასიური ფილოსოფიისა და თეოლოგიის სამეცნიერო-კვლევითი არქივი. |
||
| 250 | _aპირველი გამოცემა. | ||
| 264 |
_aთბილისი, _c 2019. _bშპს "ფავორიტი სტილი" |
||
| 300 |
_a142 გვ. ; _b19 სმ. |
||
| 501 | _aსაძიებლები: გვ. 130-137. | ||
| 520 | _aრეზიუმე ინგლისურ ენაზე. | ||
| 653 | _aქართული ფილოსოფიის ისტორია. | ||
| 700 |
_aზაქარაძე, ლალი _eრედაქტორი _914202 |
||
| 700 |
_aხუროშვილი, გიორგი _eრედაქტორი _95941 |
||
| 700 |
_aბაგრატიონი, გიორგი _eყდის დიზაინერი _914203 |
||
| 710 |
_aახალი საქართველოს უნივერსიტეტი _bკავკასიური ფილოსოფიისა და თეოლოგიის სამეცნიერო-კვლევითი არქივი _914205 |
||
| 942 |
_2udc _cBK |
||